00445 2200181 4500001002100000005001500021008004100036020001800077035001900095041000700114082001000121090001600131100002100147245003500168260002800203300002300231650000900254INLIS00000000000264920241224112558241224||||||||| | ||| |||| || |  a979-634-739-3 0010-1224002649 aid0 a790.2 a790.2 BAK m0 aAskurifai Baksin00aMembuat Film Indie Itu Gampang aBandungbKatarsisc2003 a124 hlm;15 x 21 cm 0aSeni